000 00217 a2200109 4500
020 _a9780876144237
041 _aspa
100 _aJane Anne Volkmer
245 _aLa Musica de la Chirimia
942 _cBK
952 _71
999 _c24930
_d24930